| 000 | 00633nam a22002177a 4500 | ||
|---|---|---|---|
| 003 | OSt | ||
| 005 | 20150904143431.0 | ||
| 008 | 150904b xxu||||| |||| 00| 0 eng d | ||
| 020 | _a9780816072156 | ||
| 040 | _cDDC | ||
| 082 | _a333.7 PEA 2008 | ||
| 100 |
_aPeacock, Kathy Wilson _95656 |
||
| 245 | _aNatural resources and sustainable development | ||
| 260 |
_aNew York; _bFacts on file, _c2008 |
||
| 300 |
_aviii,392p; _bill: _c23.5cm |
||
| 504 | _aGlossary, & index included | ||
| 650 |
_aSustainable development _91103 |
||
| 650 |
_aNatural resources _95657 |
||
| 700 |
_aForeworded by Jeremy Carl _95658 |
||
| 942 |
_2ddc _cO_SHELF |
||
| 999 |
_c2222 _d2222 |
||